| 000 | 00385nam a22001697a 4500 | ||
|---|---|---|---|
| 003 | SGT | ||
| 020 | _a9789354656934 | ||
| 082 |
_a301 _bA23S |
||
| 100 | _aSREEVANI, R. | ||
| 245 | _aAPPLIED SOCIOLOGY FOR NURSES | ||
| 250 | _a1ST | ||
| 260 |
_aINDIA _bJAYPEE PUB _c2023 |
||
| 300 | _a209 | ||
| 650 | _aSOCIOLOGY | ||
| 653 | _aAPPLIED SOCIOLOGY FOR NURSES | ||
| 942 |
_2ddc _cBK _0162 |
||
| 999 |
_c24922 _d24922 |
||